Statistics for Johnny's General Knowledge Quiz #5

Click here to take the quiz!

General Stats

  • This quiz has been taken 44,753 times
    (28,488 since last reset)
  • The average score is 12 of 20

Answer Stats

Question Answer % Correct
What is sodium chloride commonly known as?Salt
96%
If my closest friends are Toshio and Hideki, what country do I most likely live in?Japan
87%
What common piece of lab equipment produces a single open gas flame?{Bunsen} Burner
83%
What moves during REM sleep?The Eyes
81%
What is the collective nickname of Brad Pitt and Angelina Jolie?Brangelina
77%
What do Arabica Beans produce?Coffee
76%
Who collaborated with Eminem on "Love the Way You Lie"?Rihanna
73%
What child actor was the star of "Home Alone"?Macaulay Culkin
72%
What is the currency of India?Rupee
68%
What country is known as Österreich in its native language?Austria
66%
What company makes the 787 Dreamliner?Boeing
66%
What sandwich did McDonald's create to satisfy the dietary restrictions of Catholics?Filet-O-Fish
62%
What athlete was called "His Airness"?Michael Jordan
62%
In which city would you find Bondi Beach?Sydney
51%
What "island" hosts a famous hot-dog eating contest on July 4th?Coney Island
43%
Fill in the blank: What we've got here is failure to ___________Communicate
42%
Hilary Swank won a best actress award for her role in what 2004 movie?Million Dollar Baby
39%
What is the drug Propecia meant to alleviate?Baldness
35%
What was the original name of Facebook?Thefacebook
34%
What 2006 comedy foreshadows a future of nimwits?Idiocracy
20%

Score Distribution

Percentile by Number Answered

Percent of People with Each Score

Your Score History

You have not taken this quiz since the last reset